ბათუმის შოთა რუსთაველის სახელმწიფო უნივერსიტეტის ბიბლიოთეკა

Монеты рассказывают / (ბიბ.ჩანაწერი № 61446)

000 -LEADER
fixed length control field 00512nam a22001577a 4500
005 - DATE AND TIME OF LATEST TRANSACTION
control field 20240314113115.0
008 - FIXED-LENGTH DATA ELEMENTS--GENERAL INFORMATION
fixed length control field 240314b xxu||||| |||| 00| 0 geo d
041 ## - LANGUAGE CODE
Language code of text/sound track or separate title rus
080 ## - UNIVERSAL DECIMAL CLASSIFICATION NUMBER
Universal Decimal Classification number 737 Ф-33
100 ## - MAIN ENTRY--PERSONAL NAME
Personal name Фёдоров-Давыдов Г.А.
9 (RLIN) 21427
245 ## - TITLE STATEMENT
Title Монеты рассказывают /
Statement of responsibility, etc. Г.А. Фёдоров-Давыдов.
264 ## - PRODUCTION, PUBLICATION, DISTRIBUTION, MANUFACTURE, AND COPYRIGHT NOTICE
Place of production, publication, distribution, manufacture М.:
Name of producer, publisher, distributor, manufacturer Педагогика,
Date of production, publication, distribution, manufacture, or copyright notice 1980.
300 ## - PHYSICAL DESCRIPTION
Extent 112 с.:
Other physical details ил.;
Dimensions 16 см.
653 ## - INDEX TERM--UNCONTROLLED
keyword მონეტები
942 ## - ADDED ENTRY ELEMENTS (KOHA)
Source of classification or shelving scheme
Koha item type წიგნი
ეგზემპლარები
Withdrawn status Lost status Source of classification or shelving scheme Damaged status Not for loan Permanent Location Current Location Shelving location Date acquired Cost, normal purchase price Full call number Barcode Date last seen Copy number Uniform Resource Identifier Price effective from Koha item type Public note
          ბათუმის შოთა რუსთაველის სახელმწიფო უნივერსიტეტის მთავარი ბიბლიოთეკა ბათუმის შოთა რუსთაველის სახელმწიფო უნივერსიტეტის მთავარი ბიბლიოთეკა წიგნსაცავი 2024-03-14 5.00 737 Ф-33 65810 2024-03-14 65810 ბსუ-ს საპატიო დოქტორის გურამ ლორთქიფანიძის საჩუქარი 2024-03-14 წიგნი 5 ლ.